Normal view MARC view

Entry Corporate Name

Number of records used in: 1

001 - CONTROL NUMBER

  • control field: 236111

003 - CONTROL NUMBER IDENTIFIER

  • control field: OSt

005 - DATE AND TIME OF LATEST TRANSACTION

  • control field: 20250818095041.0

008 - FIXED-LENGTH DATA ELEMENTS

  • fixed length control field: 250818|| aca||aabn | a|a d

040 ## - CATALOGING SOURCE

  • Original cataloging agency: OSt
  • Transcribing agency: OSt

110 ## - HEADING--CORPORATE NAME

  • Corporate name or jurisdiction name as entry element: ಸೂರ್ಯನಾಥ ಕಾಮತ್ Ed

670 ## - SOURCE DATA FOUND

  • Source citation: Work cat.: (OSt)105320: Suryanatha Kamath Ed 236110, Svatantrya sangramada smritigalu , 1998